Tabla periódica (Registro nro. 13355)
[ vista simple ]
| 000 -CABECERA | |
|---|---|
| campo de control de longitud fija | 00279nam a22001217a 4500 |
| 005 - FECHA Y HORA DE ACTUALIZACIÓN | |
| campo de control | 20240621173807.0 |
| 008 - LONGITUD FIJA | |
| campo de control de longitud fija | 220505b xxu||||| |||| 00| 0 spa d |
| 041 ## - IDIOMA | |
| Código de idioma del texto/pista de sonido o título separado | Español |
| 082 ## - CLASIFICACIÓN DECIMAL DEWEY | |
| Número de clasificación | Tabla periódica |
| 245 ## - TÍTULO PROPIAMENTE DICHO | |
| Título | Tabla periódica |
| 650 ## - Materia General | |
| Materia general | TABLA PERIÓDICA |
| 942 ## - Punto de Acceso Adicional Koha | |
| Tipo de ítem Koha | Material didáctico |
| Estado perdido | Estado dañado | No para préstamo | Biblioteca permanente | Biblioteca actual | Signatura completa | Código de barras | Precio efectivo a partir del | Tipo de ítem | Nota pública |
|---|---|---|---|---|---|---|---|---|---|
| Departamento de Biblioteca y Documentación Alfonso Chase Brenes | Departamento de Biblioteca y Documentación Alfonso Chase Brenes | Tabla periódica | TP01 | 05/05/2022 | Material didáctico | Mapoteca #2 | |||
| Departamento de Biblioteca y Documentación Alfonso Chase Brenes | Departamento de Biblioteca y Documentación Alfonso Chase Brenes | Tabla periódica | TP02 | 05/05/2022 | Material didáctico | Mapoteca #2 | |||
| Departamento de Biblioteca y Documentación Alfonso Chase Brenes | Departamento de Biblioteca y Documentación Alfonso Chase Brenes | Tabla periódica | TP03 | 05/05/2022 | Material didáctico | Mapoteca #2 |